| 000 | 00352 a2200157 4500 | ||
|---|---|---|---|
| 001 | 150346 | ||
| 040 | _cEscola São Tomás de Aquino | ||
| 100 | _aDI PIERRO NETTO, Scipione | ||
| 240 | 1 | 0 |
_aO que é consórcio _lpor |
| 245 | 1 | 0 | _aO que é consórcio |
| 300 | _a15 | ||
| 362 | 0 | _a1998 | |
| 440 | 1 | _aScipione | |
| 697 | _aMATEMÁTICA | ||
| 942 | _cBK | ||
| 999 |
_c150346 _d150346 |
||